| 000 | 00807nam a2200193 i 4500 | ||
|---|---|---|---|
| 001 | 52602 | ||
| 003 | ES-MaACL | ||
| 005 | 20230906162617.0 | ||
| 007 | t| | ||
| 008 | 030901s1908 fr ||||1| fre d | ||
| 100 | 1 |
_aChervin, Arthur ( _d1850-1921) _938379 |
|
| 245 | 1 | 0 |
_aAnthropologie bolivienne / _cpar Arthur Chervin. |
| 260 |
_aParis : _bLibrairie H. le Soudier, _c1908 ( _fImp. Nationale) |
||
| 300 |
_a3 v., 159 lám. : _bil. ; _c28 cm. |
||
| 505 | 8 | _aContiene: t. 1. Ethonologie, démographie, photographie métrique (XL, 411 p., [16] h. de lám.) -- t. 2. Anthropométrie (435 p.) -- t. 3. (151 p.) | |
| 594 | _aPrecede al título: Mission Scientifique G. de Créqui Montfort et E. Sénéchal de la Grange. | ||
| 650 | 4 |
_aAntropología física- _zBolivia. _9153065 |
|
| 852 |
_aES-MaACL _jF-11514-16 |
||
| 999 |
_c52602 _d52602 |
||